000 00524nam a2200169 i 4500
001 108626
003 ES-MaACL
005 20230906184657.0
007 t|
008 061121s1955 sp r ||||1| spa d
100 1 _aMonreal y Tejada, Luis.
_982276
245 1 0 _aRelojes antiguos (1500-1850)
_b: colección de F. Pérez de Olaguer. /
_cLuis Monreal y Tejada.
260 _aBarcelona :
_bHeraclio Fournier,
_c1955.
300 _a14 p., lám. :
_bil. ;
_c24 cm.
650 _aRelojes.
_916839
852 _aES-MaACL
_jC-11261
999 _c108626
_d108626